[Event "Niedersachsen-ch U16"]
[Site "Norderney"]
[Date "2014.04.13"]
[Round "4"]
[White "Thieu, Nguyen Gia Luat"]
[Black "Semmelmaier, Arthur"]
[Result "1-0"]
[WhiteElo "1649"]
[BlackElo "1202"]
[PlyCount "89"]
[EventDate "2014.04.??"]
[EventType "swiss"]
[EventRounds "9"]
[EventCountry "GER"]
[SourceTitle "EXT 2017"]
[Source "ChessBase"]
[SourceDate "2016.10.25"]
[SourceVersion "1"]
[SourceVersionDate "2016.10.25"]
[SourceQuality "1"]

1. e4 e6 2. d3 d5 3. Nd2 dxe4 4. dxe4 Bd7 5. Ngf3 Nf6 6. Bd3 Bc5 7. 0-0 0-0 8. Nb3 Bb6 9. e5 Nd5 10. Bxh7+ Kh8 11. Be4 Bc6 12. c4 Ne7 13. Qxd8 Rxd8 14. Bxc6 Nbxc6 15. Bg5 Rd7 16. Bxe7 Rxe7 17. Rad1 a5 18. c5 Ba7 19. a4 b6 20. Nbd4 Nxd4 21. Nxd4 bxc5 22. Nc6 Ree8 23. Rd7 Bb6 24. Rxf7 Rf8 25. Re7 Rfe8 26. Rd7 Ra6 27. Rfd1 Raa8 28. Rd8 Raxd8 29. Rxd8 Rxd8 30. Nxd8 Kg8 31. b3 Kf8 32. Nxe6+ Kf7 33. Ng5+ Kg6 34. e6 Kf6 35. Kf1 c4 36. bxc4 Bd4 37. h4 Be5 38. Ke2 Bd6 39. Ne4+ Kxe6 40. Nxd6 Kxd6 41. Kd3 Ke5 42. Ke3 c6 43. g4 c5 44. f4+ Ke6 45. Ke4 1-0

[Event "Niedersachsen-ch U14"]
[Site "Rotenburg"]
[Date "2013.03.28"]
[Round "8"]
[White "Aden, Keno"]
[Black "Semmelmaier, Arthur"]
[Result "1-0"]
[WhiteElo "1433"]
[BlackElo "982"]
[PlyCount "81"]
[EventDate "2013.03.23"]
[EventType "swiss"]
[EventRounds "9"]
[EventCountry "GER"]
[SourceTitle "EXT 2015"]
[Source "ChessBase"]
[SourceDate "2014.11.20"]
[SourceVersion "1"]
[SourceVersionDate "2014.11.20"]
[SourceQuality "1"]

1. c4 e6 2. Nc3 d5 3. cxd5 exd5 4. g3 Nf6 5. Bg2 Be7 6. Nf3 0-0 7. 0-0 Bg4 8. d3 c6 9. Bg5 h6 10. Bf4 Nbd7 11. Rc1 Rc8 12. Re1 Bb4 13. Bd2 Re8 14. a3 Ba5 15. Nb1 Bxd2 16. Nbxd2 Qb6 17. Qb3 Qxb3 18. Nxb3 b5 19. d4 Nh7 20. e3 Re6 21. Nc5 Nxc5 22. Rxc5 Bxf3 23. Bxf3 Ng5 24. Bxd5 Rd6 25. Bg2 Ne6 26. Rc3 c5 27. d5 Nd8 28. e4 f6 29. f4 a5 30. b4 axb4 31. axb4 c4 32. Ra1 Nf7 33. Ra5 Rb8 34. Bh3 g5 35. Be6 Kg7 36. Ra7 Rf8 37. Rb7 gxf4 38. gxf4 Kg6 39. Rg3+ Ng5 40. fxg5 hxg5 41. Bf5+ 1-0

[Event "Niedersachsen-ch U14"]
[Site "Rotenburg"]
[Date "2013.03.26"]
[Round "5"]
[White "Semmelmaier, Arthur"]
[Black "Hoppe, Andreas"]
[Result "1-0"]
[WhiteElo "982"]
[BlackElo "1724"]
[PlyCount "69"]
[EventDate "2013.03.23"]
[EventType "swiss"]
[EventRounds "9"]
[EventCountry "GER"]
[SourceTitle "EXT 2015"]
[Source "ChessBase"]
[SourceDate "2014.11.20"]
[SourceVersion "1"]
[SourceVersionDate "2014.11.20"]
[SourceQuality "1"]

1. d4 d5 2. Nf3 Bf5 3. Bf4 e6 4. e3 Nd7 5. c3 c5 6. Bd3 Bg6 7. Bxg6 hxg6 8. Nbd2 c4 9. a4 a6 10. 0-0 Ngf6 11. Bg5 Be7 12. Bxf6 Nxf6 13. Re1 Qc7 14. h3 0-0 15. e4 b5 16. exd5 exd5 17. b3 b4 18. Nb1 bxc3 19. Nxc3 Bb4 20. Re3 Rab8 21. bxc4 Qxc4 22. Ne5 Qc7 23. Qf3 Rfd8 24. Rc1 Bd6 25. Ree1 Qb6 26. Nxd5 Nxd5 27. Qxf7+ Kh8 28. Nxg6+ Kh7 29. Re4 Kh6 30. Rh4+ Kg5 31. f4+ Nxf4 32. Nxf4 Qxd4+ 33. Kh1 Bxf4 34. Rg4+ Kh6 35. Qg6# 1-0

[Event "Niedersachsen-ch U14"]
[Site "Rotenburg"]
[Date "2013.03.24"]
[Round "3"]
[White "Semmelmaier, Arthur"]
[Black "Lamottke, Nils"]
[Result "0-1"]
[WhiteElo "982"]
[BlackElo "1149"]
[PlyCount "101"]
[EventDate "2013.03.23"]
[EventType "swiss"]
[EventRounds "9"]
[EventCountry "GER"]
[SourceTitle "EXT 2015"]
[Source "ChessBase"]
[SourceDate "2014.11.20"]
[SourceVersion "1"]
[SourceVersionDate "2014.11.20"]
[SourceQuality "1"]

1. e4 e5 2. Nf3 Nc6 3. Bc4 Bc5 4. d3 d6 5. 0-0 Bg4 6. h3 Be6 7. Bxe6 fxe6 8. c3 Nf6 9. Re1 Qe7 10. d4 exd4 11. cxd4 Bb6 12. Nc3 0-0 13. Be3 Rad8 14. d5 exd5 15. Bxb6 axb6 16. exd5 Ne5 17. Nxe5 dxe5 18. f4 Qc5+ 19. Kh1 exf4 20. Re5 Qd6 21. Re6 Qc5 22. Re5 c6 23. Na4 Qd6 24. Rf5 Nxd5 25. Rxf8+ Kxf8 26. Qb3 b5 27. Nc3 Nxc3 28. Qxc3 Qd4 29. Qxd4 Rxd4 30. Rf1 g5 31. Kh2 Kg7 32. Re1 Kf6 33. Re8 Rd2 34. Rb8 f3 35. Rf8+ Kg6 36. Rxf3 Rxb2 37. Rf8 Rxa2 38. Rb8 Rf2 39. Rxb7 Rf6 40. Rb6 Kf5 41. g4+ Ke4 42. Rb7 h6 43. Rd7 b4 44. Rd1 c5 45. Re1+ Kd4 46. Rd1+ Kc4 47. Rd7 b3 48. Rb7 Kc3 49. Rc7 c4 50. Rb7 b2 51. Rb8 0-1

[Event "Niedersachsen-ch U14"]
[Site "Rotenburg"]
[Date "2013.03.23"]
[Round "2"]
[White "Weiss, Andreas1111"]
[Black "Semmelmaier, Arthur"]
[Result "1-0"]
[WhiteElo "1384"]
[BlackElo "982"]
[PlyCount "149"]
[EventDate "2013.03.23"]
[EventType "swiss"]
[EventRounds "9"]
[EventCountry "GER"]
[SourceTitle "EXT 2015"]
[Source "ChessBase"]
[SourceDate "2014.11.20"]
[SourceVersion "1"]
[SourceVersionDate "2014.11.20"]
[SourceQuality "1"]

1. e4 e5 2. Nf3 Nc6 3. Bb5 f5 4. exf5 e4 5. Qe2 Qe7 6. Bxc6 dxc6 7. Nd4 c5 8. Nb3 Nf6 9. 0-0 Bxf5 10. d4 exd3 11. Qd2 0-0-0 12. Qf4 Bg6 13. cxd3 Bxd3 14. Be3 Bxf1 15. Kxf1 Kb8 16. Nc3 b6 17. Qf3 Qd6 18. Rd1 Qe7 19. Re1 Re8 20. Re2 Qd7 21. Rd2 Bd6 22. h3 a5 23. a4 Re6 24. Bxc5 bxc5 25. Nxc5 Qc8 26. Nxe6 Qxe6 27. Nd5 Re8 28. Qb3+ Kc8 29. Qd1 Nxd5 30. Rxd5 Rd8 31. Rxa5 Bb4 32. Ra8+ Kb7 33. Rxd8 Qc4+ 34. Kg1 Bc5 35. Qf3+ c6 36. b3 Qc1+ 37. Rd1 Qg5 38. Qf7+ Kb6 39. Qf3 Qg6 40. Qd3 Qh6 41. Qd8+ Ka6 42. Rd7 Qc1+ 43. Kh2 Qf4+ 44. Kh1 Qc1+ 45. Rd1 Qf4 46. Qd2 Qe5 47. Re1 Qf6 48. Qd3+ Kb6 49. Re2 Qa1+ 50. Kh2 Qf6 51. g3 Bxf2 52. Rd2 Be1 53. Qd4+ c5 54. Qxf6+ gxf6 55. Rd6+ Ka5 56. Rxf6 Kb4 57. Rf3 Bc3 58. Rxc3 Kxc3 59. a5 Kxb3 60. a6 c4 61. a7 c3 62. a8Q c2 63. Qb7+ Kc3 64. Qc6+ Kd2 65. Kg2 c1Q 66. Qxc1+ Kxc1 67. Kf3 Kd2 68. g4 Kd3 69. g5 Kd4 70. Kf4 Kd5 71. Kf5 Kd6 72. Kf6 Kd7 73. h4 Ke8 74. Kg7 h5 75. gxh6 1-0